01287 2200373 4500001002100000005001500021035002000036007000300056008004100059020003800100020003200138040002200170082001200192084001400204090002200218100002800240245017200268250003400440300005400474500001100528500006100539650001400600700004100614700004100655850001200696041001300708504003300721264004100754336002100795337003000816338002300846999002200869990002200891INLIS00000000086410220210825112459 a0010-0821000801ta210825s2012 yoia g 1 ind d a978-602-229-132-9 (jilid lengkap) a978-602-229-133-6 (jilid 1) aYOPDYOGbinderda04223a150 a150 GRO p aCB-D.11 2012-30981 aGross, Richardepenulis10aPsychology the science of mind and behaviour=psikologi ilmu jiwa dan perilaku /cpenulis, Richard Gross; penerjemah, Helly Prajitno Soetjipto, Sri Mulyantini Soetjipto aEdisi keenam, Cetakan I: 2012 avii, 564 halaman :btabel, gambar, bagan ;c25 cm aindeks aJudul asli: Psychology the science of mind and behaviour 4aPsikologi0 aHelly Prajitno Soetjiptoepenerjemah0 aSri Mulyantini Soetjiptoepenerjemah aYOPDYOG1 aindheng aBibliografi: halaman 435-52931aYogyakarta :bPustaka Pelajar,c2012 2rdacontentateks 2rdamediaatanpa perantara 2rdacarrieravolume aCB-D.11/2012-3098 aCB-D.11/2012-3098